| 000 | 005030000a22001810004500 | ||
|---|---|---|---|
| 020 | _a958-21-0111-3 | ||
| 041 | 0 | _aSPA | |
| 082 | 0 | 4 | _aG 266.3 R1731a |
| 100 | 1 | _aRamírez, Marco Fidel | |
| 245 | 1 | 0 | _aTreinta años de servicio y esperanza / Marco Fidel Ramírez |
| 260 | _aBogotá, Colombia : Instituto Lingüístico de Verano | ||
| 300 | _a94 Pag | ||
| 001 | 7656 | ||
| 942 | _cBK | ||
| 999 |
_c37862 _d37862 |
||
| 336 |
_atexto _btxt _2rdacontent |
||
| 337 |
_2rdamedia _asin mediación _bn |
||
| 338 |
_2rdacarrier _avolumen _bnc |
||